000 00380 a2200157 4500
001 181104
020 _a
040 _cMagnum
100 _aMachado, Antonio Dos Santos
240 1 0 _aMatematica na escola do 2o. grau/v.2
_lpor
245 1 0 _aMatematica na escola do 2o. grau/v.2
362 0 _a1899
440 1 _aAtual Editora
697 _aMAGNITO: PARADIDATICO
942 _cBK
999 _c181104
_d181104